Statistics for California Love - 2Pac Feat. Roger Troutman & Dr. Dre - All Lyrics

Click here to take the quiz!

General Stats

  • This quiz has been taken 75 times
  • The average score is 297 of 469

Answer Stats

Answer% Correct
Cali
98%
California
96%
Californ-i-a
96%
I
96%
We
92%
we
92%
a
90%
A
90%
L.A.
90%
L.A
90%
love!
90%
love
90%
The
90%
the
90%
to
90%
In
88%
in
88%
West
86%
city,
84%
city
84%
Ever
84%
of
84%
Wild
84%
everybody
82%
party
82%
welcome
82%
Compton
80%
how
80%
know
78%
no
78%
it,
76%
it
76%
Knows
76%
knows
76%
me
76%
like
74%
keep
72%
let
72%
Let
72%
state
72%
that
72%
bow
70%
for
70%
rockin'
70%
rockin',
70%
what
70%
do
68%
good,
68%
good
68%
Ness
68%
untouchable
68%
Where
66%
where
66%
you
66%
is
64%
that's
64%
as
62%
bomb-ass
62%
Dre
62%
Now
62%
on
62%
be
58%
dance
58%
mack
58%
ol'
58%
Out
58%
out
58%
sex
58%
Shake
58%
shake
58%
Shake,
58%
your
58%
Your
58%
chest
56%
empty
56%
floor
56%
hemp
56%
And
54%
and
54%
down,
54%
down
54%
makin'
54%
money
54%
so
54%
dreamin'
52%
jail,
52%
never
52%
Westside,
52%
Westside
52%
bail,
50%
Eliot
50%
It’s
50%
it's
50%
sunshine
50%
Bay
48%
fresh
48%
I'm
48%
screamin'
48%
Watts
48%
all
46%
baby
46%
find
46%
From
46%
from
46%
life
46%
making
46%
put
46%
Soon
46%
they
46%
bomb
44%
die
44%
Lean
44%
machines
44%
mean
44%
scene,
44%
step
44%
them
44%
way
44%
'95
42%
alcohol,
42%
eardrum
42%
hearin'
42%
hits
42%
Jimmy
42%
rap
42%
ten
42%
up
42%
was
42%
years
42%
if
40%
tunes
40%
been
38%
game
38%
hoochies
38%
jam
38%
mission
38%
Sassoon
38%
servin'
38%
track
38%
wearin'
38%
with
38%
Diego
36%
live
36%
Long
36%
mama
36%
not
36%
pay
36%
puttin'
36%
since
36%
slug
36%
watch
36%
Beach
34%
give
34%
greens
34%
man
34%
say,
34%
Say
34%
vest
34%
but
32%
finger
32%
honeys
32%
lookin'
32%
pimps
32%
robbed
32%
streets
32%
throw
32%
Throw
32%
back
30%
clock
30%
feel
30%
fiends
30%
give
30%
Liberace
30%
Oakland
30%
other
30%
player
30%
same
30%
beat
28%
Pack
28%
ride
28%
their
28%
Area
26%
Chucks,
26%
crews
26%
Khaki
26%
Only
26%
riot,
26%
serenade
26%
shinin',
26%
Diamonds
24%
Fiendin'
24%
rally,
24%
Ballys
22%
because
22%
Bumpin'
22%
Dressed
22%
grindin'
22%
Sac-town,
22%
suits,
22%
ball
20%
cowards
20%
grams
20%
recognize
20%
Worldwide,
20%
Famous
18%
Locs
18%
slow
18%
won't
18%
collide
16%
have
16%
caution,
14%
Flossin'
14%
strong
12%
mama
10%
Rosecrans
10%
Row
8%

Score Distribution

Percentile by Number Answered

Percent of People with Each Score

Your Score History

You have not taken this quiz